[Event "Erbil Khanzad Cup 11th"]
[Site "Erbil"]
[Date "2018.06.01"]
[Round "6"]
[White "Akar, Omiad Saber"]
[Black "Kardo Ako, Mohammad"]
[Result "0-1"]
[WhiteElo "1373"]
[BlackElo "2016"]
[PlyCount "66"]
[EventDate "2018.05.31"]
[EventType "swiss"]
[EventRounds "7"]
[EventCountry "IRQ"]
[SourceTitle "EXT 2019"]
[Source "ChessBase"]
[SourceDate "2018.10.10"]
[SourceVersion "1"]
[SourceVersionDate "2018.10.10"]
[SourceQuality "1"]

1. d4 Nf6 2. Nf3 d5 3. Nc3 g6 4. Bf4 c6 5. e3 Bg7 6. Bd3 0-0 7. h3 b6 8. Ne2 Bb7 9. 0-0 Nbd7 10. c4 c5 11. Nc3 cxd4 12. exd4 Rc8 13. b3 a6 14. Qd2 e6 15. Rfe1 Re8 16. Ne5 Ne4 17. Bxe4 dxe4 18. Qe2 f5 19. Rad1 Nf6 20. f3 b5 21. fxe4 b4 22. Na4 Nxe4 23. Qe3 g5 24. Bh2 Qa5 25. Re2 f4 26. Qd3 Bxe5 27. dxe5 Rcd8 28. Qc2 Rxd1+ 29. Qxd1 Rd8 30. Qe1 Qxe5 31. Qxb4 Rd1+ 32. Re1 Qd4+ 33. Kf1 Qf2# 0-1

[Event "Erbil Khanzad Cup 10th"]
[Site "Erbil"]
[Date "2018.04.20"]
[Round "6"]
[White "Kardo Ako, Mohammad"]
[Black "Al Ali, Hussein Ali Hussein"]
[Result "0-1"]
[WhiteElo "2035"]
[BlackElo "2265"]
[PlyCount "74"]
[EventDate "2018.04.18"]
[EventType "swiss"]
[EventRounds "9"]
[EventCountry "IRQ"]
[SourceTitle "CBM 184 Extra"]
[Source "ChessBase"]
[SourceDate "2018.06.28"]
[SourceVersion "1"]
[SourceVersionDate "2018.06.28"]
[SourceQuality "1"]

1. d4 g6 2. Nf3 Bg7 3. e4 d6 4. Bd3 Nc6 5. c3 e5 6. d5 Nce7 7. c4 Nf6 8. Nc3 0-0 9. 0-0 Nh5 10. Re1 h6 11. Qc2 f5 12. Bf1 Nf6 13. Nh4 fxe4 14. Nxe4 Nxe4 15. Qxe4 g5 16. Bd3 Rf6 17. Qh7+ Kf7 18. Nf3 Qh8 19. Qxh8 Bxh8 20. h4 gxh4 21. Nxh4 Bd7 22. Bd2 Rg8 23. f4 Rg4 24. Nf3 Ng6 25. fxe5 Rxf3 26. e6+ Bxe6 27. Bxg6+ Rxg6 28. dxe6+ Ke7 29. Re4 Rfg3 30. Be1 Rxg2+ 31. Kf1 Be5 32. c5 Kxe6 33. cxd6 cxd6 34. Rb4 b6 35. Rb1 Rc2 36. a4 Rf6+ 37. Kg1 Bh2+ 0-1

[Event "Krakow Malopolski-chA"]
[Site "Krakow"]
[Date "2014.05.03"]
[Round "7"]
[White "Kardo Ako, Mohammad"]
[Black "Szczurek, Krzysztof"]
[Result "0-1"]
[WhiteElo "2071"]
[BlackElo "1775"]
[PlyCount "116"]
[EventDate "2014.04.27"]
[EventType "swiss"]
[EventRounds "9"]
[EventCountry "POL"]
[SourceTitle "CBM 160 Extra"]
[Source "ChessBase"]
[SourceDate "2014.07.01"]
[SourceVersion "1"]
[SourceVersionDate "2014.07.01"]
[SourceQuality "1"]

1. d4 Nf6 2. c4 g6 3. Nc3 Bg7 4. e4 d6 5. Nf3 0-0 6. Be2 Nbd7 7. 0-0 e5 8. Be3 Ng4 9. Bg5 f6 10. Bh4 g5 11. Bg3 h5 12. h4 Nh6 13. dxe5 dxe5 14. Qd5+ Nf7 15. hxg5 fxg5 16. Rad1 h4 17. Bh2 g4 18. Ne1 Qg5 19. Qd2 g3 20. fxg3 hxg3 21. Bxg3 Qxg3 22. Rf3 Qg6 23. Nd5 Qd6 24. b4 b6 25. Qc2 Kh8 26. Nf6 Qe6 27. Nd5 Qd6 28. Nd3 Ng5 29. Rxf8+ Nxf8 30. c5 Qg6 31. Nf2 Nh3+ 32. Nxh3 Bxh3 33. Bf3 Ne6 34. Qf2 Qg5 35. Kh2 Bg4 36. Rh1 Bxf3 37. Qxf3 Rf8 38. Qh3+ Qh6 39. Qxh6+ Bxh6 40. Kg3 Kg7 41. c6 Bf4+ 42. Kg4 Rf7 43. a4 Nd4 44. b5 Kg8 45. Rh5 Rg7+ 46. Kh4 Ne2 47. Nxf4 Nxf4 48. Rf5 Nxg2+ 49. Kh3 Nf4+ 50. Kh2 Nd3 51. Kh3 Rf7 52. Rg5+ Kf8 53. Rg3 Nf4+ 54. Kg4 Rg7+ 55. Kf3 Rxg3+ 56. Kxg3 Ke7 57. Kg4 Nd3 58. Kf5 Kd6 0-1

[Event "Arab Clubs-chT"]
[Site "Monastir"]
[Date "2013.11.09"]
[Round "8.3"]
[White "Doghri, Nabil"]
[Black "Kardo Ako, Mohammad"]
[Result "0-1"]
[WhiteElo "2363"]
[BlackElo "2070"]
[PlyCount "45"]
[EventDate "2013.11.04"]
[EventType "team-tourn"]
[EventRounds "9"]
[EventCountry "TUN"]
[SourceTitle "EXT 2014"]
[Source "ChessBase"]
[SourceDate "2013.11.20"]
[SourceVersion "1"]
[SourceVersionDate "2013.11.20"]
[SourceQuality "1"]
[WhiteTeam "Marsa"]
[BlackTeam "Khanzad"]
[WhiteTeamCountry "TUN"]
[BlackTeamCountry "IRQ"]

1. e4 c5 2. Nf3 d6 3. d4 cxd4 4. Nxd4 Nf6 5. Nc3 a6 6. Bc4 e6 7. Bb3 b5 8. Qf3 Qc7 9. Bg5 Be7 10. 0-0-0 0-0 11. e5 Bb7 12. Qh3 dxe5 13. Nxe6 fxe6 14. Bxe6+ Kh8 15. Kb1 Ne4 16. Bxe7 Nxc3+ 17. Qxc3 Qxe7 18. Qxe5 Nc6 19. Qe3 Rad8 20. Rhe1 Rfe8 21. Rxd8 Nxd8 22. Bh3 Qxe3 23. fxe3 0-1